| 000 | 00719nam a22002177a 4500 | ||
|---|---|---|---|
| 003 | OSt | ||
| 005 | 20200418160952.0 | ||
| 008 | 180522b xxu||||| |||| 00| 0 eng d | ||
| 010 | _a6816788 | ||
| 020 | _a003066330x | ||
| 040 | _aLB-BrCRDP | ||
| 082 | _a372.64 H882c | ||
| 100 | _aCharlotte S. Huck | ||
| 245 | _aChildren's literature in the elementary school | ||
| 260 |
_aNew York _bHolt, Rinehart and winston, Inc. _c1968 |
||
| 300 |
_a792p _c24cm |
||
| 630 | _a Literature -- Study and teaching (Elementary) -- United States. | ||
| 630 | _a Children's literature -- Study and teaching (Elementary) -- United States. | ||
| 630 | _aChildren's literature -- Study and teaching (Elementary) | ||
| 942 |
_2ddc _cBK |
||
| 999 |
_c19253 _d19253 |
||